| 000 | 00615nam a22002057a 4500 | ||
|---|---|---|---|
| 999 |
_c9766 _d9766 |
||
| 003 | GBCCL | ||
| 005 | 20241126110718.0 | ||
| 008 | 230712b ||||| |||| 00| 0 eng d | ||
| 020 | _a9780310243953 | ||
| 040 | _cgbc | ||
| 082 |
_a225.77 _bZON |
||
| 100 |
_aPao, David W _916969 |
||
| 245 | _aColossians and Philemon | ||
| 260 |
_aGrand Rapids : _bZondervan , _c2012 |
||
| 300 | _a462 pages | ||
| 440 |
_aZondervan exegetical commentary on the New Testament _vv.12 _916970 |
||
| 650 |
_aBible _vN.T. _xColossians _ycommentaries _916971 |
||
| 650 |
_aBible _vN.T. _xPhilemon _ycommentaries _916972 |
||
| 942 |
_2ddc _cREF |
||